[Event "Quebec op U2000"]
[Site "Longueuil"]
[Date "2018.07.26"]
[Round "7.35"]
[White "Chevalier, Francois"]
[Black "Weston, Paul"]
[Result "1-0"]
[WhiteElo "1782"]
[BlackElo "1886"]
[PlyCount "63"]
[EventDate "2018.07.21"]
[EventType "swiss"]
[EventRounds "9"]
[EventCountry "CAN"]
[SourceTitle "EXT 2022"]
[Source "ChessBase"]
[SourceDate "2021.10.06"]
[SourceVersion "1"]
[SourceVersionDate "2021.10.06"]
[SourceQuality "1"]

1. d4 d5 2. Bf4 Nf6 3. e3 c5 4. Nd2 Nc6 5. c3 cxd4 6. exd4 Bf5 7. Ngf3 e6 8. Qb3 Qc8 9. Be2 h6 10. 0-0 Be7 11. Rac1 0-0 12. c4 Be4 13. Rfd1 Bxf3 14. Nxf3 dxc4 15. Rxc4 Nd5 16. Bg3 Bf6 17. Ne5 Bxe5 18. Bxe5 Qd7 19. Qg3 Nxe5 20. dxe5 Rac8 21. Rg4 g6 22. h4 Rfd8 23. h5 g5 24. f4 Qc7 25. fxg5 Qb6+ 26. Rgd4 Kh8 27. Kh2 Rg8 28. g6 fxg6 29. hxg6 Rcf8 30. Bf3 Ne3 31. Rd7 Nf5 32. Rh7# 1-0

[Event "Quebec op U2000"]
[Site "Longueuil"]
[Date "2018.07.24"]
[Round "5.36"]
[White "Weston, Paul"]
[Black "Turgeon, Yoakim"]
[Result "1-0"]
[WhiteElo "1886"]
[BlackElo "1825"]
[PlyCount "81"]
[EventDate "2018.07.21"]
[EventType "swiss"]
[EventRounds "9"]
[EventCountry "CAN"]
[SourceTitle "EXT 2022"]
[Source "ChessBase"]
[SourceDate "2021.10.06"]
[SourceVersion "1"]
[SourceVersionDate "2021.10.06"]
[SourceQuality "1"]

1. e4 e5 2. Nf3 Nc6 3. d4 exd4 4. Bc4 Nf6 5. 0-0 Be7 6. Re1 d6 7. Nxd4 0-0 8. Nc3 Ne5 9. Bf1 Re8 10. h3 Nfd7 11. f4 Ng6 12. Bc4 Bh4 13. Bxf7+ Kxf7 14. f5 Bxe1 15. fxg6+ hxg6 16. Qxe1 Nc5 17. Nf3 Ne6 18. Qg3 c6 19. Be3 d5 20. Rf1 Kg8 21. Qxg6 Rf8 22. exd5 cxd5 23. Rd1 d4 24. Ne4 Bd7 25. Nfg5 Nxg5 26. Nxg5 Bf5 27. Qh5 Qe8 28. Qxe8 Rfxe8 29. Bxd4 Bxc2 30. Rc1 Bg6 31. Rc7 Rad8 32. Bc3 Rd1+ 33. Kh2 Bf5 34. Rxg7+ Kf8 35. Rf7+ Kg8 36. Rxf5 Re7 37. Nf3 Rc1 38. Ne5 Rc2 39. Rg5+ Kh7 40. Ng4 Rxg2+ 41. Kxg2 1-0

[Event "Montreal op"]
[Site "Montreal"]
[Date "2016.09.09"]
[Round "1"]
[White "Chabot, Roland"]
[Black "Weston, Paul"]
[Result "1-0"]
[WhiteElo "2156"]
[BlackElo "1994"]
[PlyCount "67"]
[EventDate "2016.09.09"]
[EventType "swiss"]
[EventRounds "5"]
[EventCountry "CAN"]
[SourceTitle "CBM 174 Extra"]
[Source "ChessBase"]
[SourceDate "2016.10.10"]
[SourceVersion "1"]
[SourceVersionDate "2016.10.10"]
[SourceQuality "1"]

1. d4 g6 2. g3 Bg7 3. Bg2 c5 4. Nf3 Nf6 5. 0-0 cxd4 6. Nxd4 0-0 7. Nc3 Nc6 8. Nb3 d6 9. h3 h6 10. e4 Be6 11. f4 Rc8 12. Be3 Qd7 13. Kh2 Rfd8 14. Qd2 Kh7 15. Nd5 b6 16. Rf2 Bxd5 17. exd5 Nb8 18. Re1 e6 19. dxe6 fxe6 20. Rfe2 Re8 21. Bf2 Re7 22. c3 Rce8 23. Rd1 d5 24. Rde1 h5 25. Qc2 Qc7 26. Nd4 Qd7 27. Re5 Nc6 28. Rg5 e5 29. Qxg6+ Kh8 30. Nxc6 Qxc6 31. fxe5 Ng4+ 32. hxg4 Qxg6 33. Rxg6 Bxe5 34. Rh1 1-0

[Event "Quebec op U2000"]
[Site "Montreal"]
[Date "2016.07.28"]
[Round "7.6"]
[White "Jacques, Simon"]
[Black "Weston, Paul"]
[Result "1-0"]
[WhiteElo "1625"]
[BlackElo "1893"]
[PlyCount "95"]
[EventDate "2016.07.23"]
[EventType "swiss"]
[EventRounds "8"]
[EventCountry "CAN"]
[SourceTitle "EXT 2022"]
[Source "ChessBase"]
[SourceDate "2021.10.06"]
[SourceVersion "1"]
[SourceVersionDate "2021.10.06"]
[SourceQuality "1"]

1. e4 d6 2. f4 g6 3. d4 Bg7 4. Nf3 Nf6 5. Bd3 0-0 6. 0-0 Na6 7. c3 c5 8. a3 b6 9. Qe2 Nc7 10. f5 e5 11. fxg6 hxg6 12. dxe5 dxe5 13. Bg5 Ne6 14. Bc4 Qc7 15. Nbd2 Nh5 16. Qf2 a6 17. Qh4 Ra7 18. g4 Nhf4 19. Bxf4 exf4 20. Ng5 Nxg5 21. Qxg5 Qd6 22. Nf3 Qf6 23. Qxf6 Bxf6 24. g5 Bd8 25. h4 b5 26. Bd5 Bb6 27. Ne5 c4+ 28. Kg2 Bb7 29. Nd7 Bxd5 30. Nf6+ Kg7 31. Nxd5 Be3 32. Nxe3 fxe3 33. Kf3 Rd7 34. Rad1 Rfd8 35. Rxd7 Rxd7 36. Re1 Kf8 37. Rxe3 Rd1 38. Re2 Rh1 39. Kg3 Ke7 40. Rh2 Re1 41. Kf4 Ke6 42. h5 gxh5 43. Rxh5 Re2 44. Rh6+ Ke7 45. Rxa6 Rxb2 46. Ke5 Rb3 47. Ra7+ Kf8 48. Kf6 1-0

[Event "Quebec op U2000"]
[Site "Montreal"]
[Date "2016.07.24"]
[Round "3.11"]
[White "Blanchet, Robert"]
[Black "Weston, Paul"]
[Result "1-0"]
[WhiteElo "1767"]
[BlackElo "1893"]
[PlyCount "139"]
[EventDate "2016.07.23"]
[EventType "swiss"]
[EventRounds "8"]
[EventCountry "CAN"]
[SourceTitle "EXT 2022"]
[Source "ChessBase"]
[SourceDate "2021.10.06"]
[SourceVersion "1"]
[SourceVersionDate "2021.10.06"]
[SourceQuality "1"]

1. e4 c5 2. Nf3 d6 3. d4 cxd4 4. Nxd4 Nf6 5. Nc3 Nc6 6. Be2 e6 7. Be3 Be7 8. Qd2 0-0 9. 0-0-0 a6 10. g4 Nxd4 11. Bxd4 b5 12. Qe1 Qc7 13. g5 Nd7 14. f4 Bb7 15. Bd3 e5 16. Be3 exf4 17. Bxf4 Rac8 18. Kb1 Ne5 19. Bxe5 dxe5 20. h4 Bb4 21. Nxb5 Qe7 22. Nc3 Bxc3 23. bxc3 Qa3 24. Ka1 Rxc3 25. Rb1 Bc8 26. Rb3 Rxb3 27. cxb3 Be6 28. Qc1 Qd6 29. Rd1 Rc8 30. Qb2 Rd8 31. Qe2 a5 32. Bc2 Qb8 33. Rxd8+ Qxd8 34. Qb5 f6 35. Qa6 Bf7 36. Bd3 fxg5 37. hxg5 g6 38. Kb2 Qxg5 39. Qxa5 h5 40. Qc3 h4 41. a4 h3 42. Qc8+ Kg7 43. Qxh3 Qd2+ 44. Bc2 g5 45. Qc3 Qf4 46. a5 g4 47. a6 g3 48. a7 g2 49. a8Q g1Q 50. Qa1 Qxa1+ 51. Kxa1 Bg6 52. Qe1 Qh2 53. Kb2 Qh8 54. Qc3 Qe8 55. Qc5 Bf7 56. b4 Qe6 57. Kc3 Kf6 58. b5 Qa2 59. Qd6+ Be6 60. Qd8+ Kf7 61. Qc7+ Ke8 62. Kb4 Qb2+ 63. Ka5 Bd7 64. Qc5 Kd8 65. Kb6 Qa1 66. Bb3 Qb2 67. Qf8+ Be8 68. Qf6+ Kc8 69. Be6+ Bd7 70. Qf8# 1-0

[Event "Pere Noel op"]
[Site "Montreal"]
[Date "2015.12.28"]
[Round "3.18"]
[White "Weston, Paul"]
[Black "Relyea, Alexander"]
[Result "1-0"]
[WhiteElo "1942"]
[BlackElo "1800"]
[PlyCount "81"]
[EventDate "2015.12.26"]
[EventType "swiss"]
[EventRounds "5"]
[EventCountry "CAN"]
[SourceTitle "EXT 2019"]
[Source "ChessBase"]
[SourceDate "2018.10.10"]
[SourceVersion "1"]
[SourceVersionDate "2018.10.10"]
[SourceQuality "1"]

1. c4 c6 2. e4 d5 3. exd5 cxd5 4. d4 Nf6 5. Nc3 e6 6. Nf3 Be7 7. Bf4 Nc6 8. c5 0-0 9. a3 a5 10. Bd3 b6 11. cxb6 Qxb6 12. 0-0 Qxb2 13. Nb5 Ba6 14. Nc7 Bxd3 15. Qxd3 Ne4 16. Nb5 e5 17. Be3 Rab8 18. Rfb1 Rxb5 19. Rxb2 Rxb2 20. dxe5 Rd8 21. h4 Nc5 22. Qf5 g6 23. Qg4 h5 24. Qh3 d4 25. Bd2 Nb3 26. Rd1 Nxd2 27. Rxd2 Rxd2 28. Nxd2 Nxe5 29. Qg3 Bf6 30. Ne4 Bg7 31. Qb3 d3 32. Qb6 Rc8 33. Qxa5 Rc1+ 34. Kh2 Rc2 35. Qd8+ Kh7 36. Ng5+ Kh6 37. Qg8 Ng4+ 38. Kg3 Be5+ 39. f4 Bxf4+ 40. Kxf4 Rf2+ 41. Kg3 1-0

[Event "Pere Noel op"]
[Site "Montreal"]
[Date "2015.12.27"]
[Round "2.17"]
[White "Villeneuve, Benoit"]
[Black "Weston, Paul"]
[Result "1-0"]
[WhiteElo "1742"]
[BlackElo "1942"]
[PlyCount "101"]
[EventDate "2015.12.26"]
[EventType "swiss"]
[EventRounds "5"]
[EventCountry "CAN"]
[SourceTitle "EXT 2019"]
[Source "ChessBase"]
[SourceDate "2018.10.10"]
[SourceVersion "1"]
[SourceVersionDate "2018.10.10"]
[SourceQuality "1"]

1. e4 c5 2. Nf3 Nc6 3. d4 cxd4 4. Nxd4 Nf6 5. Nc3 d6 6. Be2 e6 7. Be3 Be7 8. 0-0 0-0 9. f4 Bd7 10. Ndb5 Be8 11. Bf3 a6 12. Nd4 Qc7 13. Nb3 Na5 14. Nxa5 Qxa5 15. Qe1 Qb4 16. Rb1 Bc6 17. a3 Qa5 18. Bd4 Bd8 19. Kh1 e5 20. Be3 Qc7 21. Qg3 Kh8 22. Rbd1 b5 23. Rd2 a5 24. fxe5 dxe5 25. Nd5 Bxd5 26. exd5 Qd6 27. Bg5 Rc8 28. Re1 Re8 29. c3 b4 30. axb4 axb4 31. Bxf6 Bxf6 32. Be4 bxc3 33. bxc3 Rc7 34. Rc2 g6 35. c4 Bg7 36. Qf2 Rec8 37. c5 Rxc5 38. Rxc5 Qxc5 39. Qxf7 Qb4 40. Qf1 Qd2 41. Rd1 Qe3 42. Re1 Qd4 43. g3 Rf8 44. Qh3 Qf2 45. Rb1 Qe3 46. Bxg6 Bh6 47. Bc2 Qd2 48. Be4 Qe2 49. Bg2 Qd3 50. Re1 Bg7 51. Be4 1-0

[Event "Pere Noel op"]
[Site "Montreal"]
[Date "2015.12.26"]
[Round "1.4"]
[White "Weston, Paul"]
[Black "Yu, Zong Yang"]
[Result "0-1"]
[WhiteElo "1942"]
[BlackElo "2383"]
[PlyCount "38"]
[EventDate "2015.12.26"]
[EventType "swiss"]
[EventRounds "5"]
[EventCountry "CAN"]
[SourceTitle "EXT 2019"]
[Source "ChessBase"]
[SourceDate "2018.10.10"]
[SourceVersion "1"]
[SourceVersionDate "2018.10.10"]
[SourceQuality "1"]

1. f4 g6 2. Nf3 Bg7 3. g3 c5 4. Bg2 Nc6 5. 0-0 e6 6. e4 Nge7 7. Nc3 0-0 8. d3 b6 9. Be3 d5 10. exd5 exd5 11. Bf2 d4 12. Ne2 Bf5 13. b3 Qd7 14. a4 Nd5 15. Rb1 Rfe8 16. Nd2 Bg4 17. Bf3 Bxf3 18. Nxf3 Qg4 19. Nc1 Nc3 0-1

[Event "Montreal Pere Noel op"]
[Site "Montreal"]
[Date "2014.12.29"]
[Round "4"]
[White "Weston, Paul"]
[Black "Goldner, John"]
[Result "1-0"]
[WhiteElo "1909"]
[BlackElo "1782"]
[PlyCount "91"]
[EventDate "2014.12.26"]
[EventType "swiss"]
[EventRounds "5"]
[EventCountry "CAN"]
[SourceTitle "EXT 2022"]
[Source "ChessBase"]
[SourceDate "2021.10.06"]
[SourceVersion "1"]
[SourceVersionDate "2021.10.06"]
[SourceQuality "1"]

1. e4 e5 2. Nf3 Nc6 3. Bc4 Nf6 4. Ng5 d5 5. exd5 Na5 6. Bb5+ c6 7. dxc6 bxc6 8. Be2 h6 9. Nh3 Bd6 10. Nc3 Bf5 11. d3 Qd7 12. Ng1 Rd8 13. Bd2 Nb7 14. Nf3 0-0 15. 0-0 Qc7 16. Nh4 Bh7 17. g3 Rfe8 18. f3 Bc5+ 19. Kh1 e4 20. fxe4 Rxe4 21. dxe4 Nxe4 22. Nxe4 Bxe4+ 23. Bf3 Be3 24. Bxe3 Rxd1 25. Raxd1 Bxf3+ 26. Nxf3 c5 27. Kg1 f6 28. Rd5 Qe7 29. Kf2 Qe4 30. Rfd1 Qxc2+ 31. R1d2 Qc4 32. b3 Qc3 33. Ne1 Qb4 34. Nd3 Qe4 35. Nxc5 Nxc5 36. Rxc5 Qh1 37. Rh5 Kh7 38. Rd7 Kg6 39. Rh4 Qb1 40. Rg4+ Kh5 41. Rgxg7 Qxa2+ 42. Kf3 Qxb3 43. Rh7 Kg6 44. g4 Qd1+ 45. Rxd1 Kxh7 46. Rd7+ 1-0

[Event "Montreal Pere Noel op"]
[Site "Montreal"]
[Date "2014.12.28"]
[Round "3"]
[White "Larochelle, Martial"]
[Black "Weston, Paul"]
[Result "1-0"]
[WhiteElo "2173"]
[BlackElo "1909"]
[PlyCount "127"]
[EventDate "2014.12.26"]
[EventType "swiss"]
[EventRounds "5"]
[EventCountry "CAN"]
[SourceTitle "EXT 2016"]
[Source "ChessBase"]
[SourceDate "2015.10.08"]
[SourceVersion "1"]
[SourceVersionDate "2015.10.08"]
[SourceQuality "1"]

1. d4 d5 2. c4 e6 3. Nc3 Nf6 4. cxd5 exd5 5. Bg5 Nbd7 6. e3 Bb4 7. Bd3 c5 8. Nge2 c4 9. Bf5 0-0 10. 0-0 Nb6 11. Qc2 g6 12. Bxc8 Rxc8 13. Nf4 Be7 14. Bxf6 Bxf6 15. Qe2 Bg5 16. Qf3 Bxf4 17. Qxf4 f5 18. h4 Qf6 19. g3 Kg7 20. Kg2 Rfe8 21. Rh1 h5 22. Nb5 Re4 23. Qf3 Rd8 24. Nxa7 Na4 25. Nb5 Qb6 26. Nc3 Nxc3 27. bxc3 Qa5 28. Rhc1 b5 29. Qe2 b4 30. cxb4 Qxb4 31. a4 Rb8 32. a5 Re7 33. a6 Ra7 34. Qf3 Qd6 35. Ra5 Rd8 36. Rca1 Rdd7 37. Rc5 Kf6 38. Raa5 Ke6 39. Rxd5 Qxd5 40. Rxd5 Rxd5 41. Qf4 Rxa6 42. Qc7 Rad6 43. Qxc4 Kf6 44. Kf3 g5 45. hxg5+ Kxg5 46. Qc7 Rd7 47. Qf4+ Kg6 48. Qh4 Ra5 49. Kf4 Rh7 50. Qg5+ Kf7 51. e4 Ra2 52. Qxf5+ Kg8 53. Qc8+ Kg7 54. Qd7+ Kg8 55. Qe8+ Kg7 56. f3 Rh6 57. Qe7+ Kg8 58. d5 Ra8 59. e5 Rh7 60. Qe6+ Rf7+ 61. Kg5 Ra3 62. d6 Raxf3 63. Kxh5 Rxg3 64. d7 1-0

[Event "Montreal Pere Noel op"]
[Site "Montreal"]
[Date "2014.12.27"]
[Round "2"]
[White "Weston, Paul"]
[Black "Brassard, Sylvain"]
[Result "1-0"]
[WhiteElo "1909"]
[BlackElo "1800"]
[PlyCount "49"]
[EventDate "2014.12.26"]
[EventType "swiss"]
[EventRounds "5"]
[EventCountry "CAN"]
[SourceTitle "EXT 2016"]
[Source "ChessBase"]
[SourceDate "2015.10.08"]
[SourceVersion "1"]
[SourceVersionDate "2015.10.08"]
[SourceQuality "1"]

1. f4 b6 2. Nf3 Nf6 3. e3 Bb7 4. b3 c5 5. Bb2 e6 6. Nc3 d5 7. Ne2 Bd6 8. Ng3 Qe7 9. Bd3 Nbd7 10. 0-0 0-0 11. Nh4 g6 12. Qe1 e5 13. Ngf5 Qe6 14. Nxd6 Qxd6 15. fxe5 Nxe5 16. Qg3 Rae8 17. Nf5 Qe6 18. Qxe5 Qxe5 19. Bxe5 Rxe5 20. Nd6 Ne8 21. Nxb7 c4 22. bxc4 Re7 23. Nd8 dxc4 24. Bxc4 Nd6 25. Nc6 1-0

[Event "Montreal Pere Noel op"]
[Site "Montreal"]
[Date "2014.12.26"]
[Round "1"]
[White "Masse, Hugues"]
[Black "Weston, Paul"]
[Result "1-0"]
[WhiteElo "2315"]
[BlackElo "1909"]
[PlyCount "99"]
[EventDate "2014.12.26"]
[EventType "swiss"]
[EventRounds "5"]
[EventCountry "CAN"]
[SourceTitle "EXT 2016"]
[Source "ChessBase"]
[SourceDate "2015.10.08"]
[SourceVersion "1"]
[SourceVersionDate "2015.10.08"]
[SourceQuality "1"]

1. d4 d5 2. c4 e6 3. Nf3 Nf6 4. g3 dxc4 5. Bg2 c5 6. 0-0 Be7 7. Qa4+ Nbd7 8. Qxc4 0-0 9. Nc3 a6 10. Qd3 cxd4 11. Qxd4 Bc5 12. Qh4 Re8 13. b3 Nf8 14. Bb2 Qe7 15. Ne5 Rb8 16. Rac1 Ng6 17. Nxg6 hxg6 18. Rfd1 Bd7 19. Ne4 Nxe4 20. Qxe4 Bb6 21. Be5 Bc6 22. Rxc6 bxc6 23. Bxb8 Rxb8 24. Qxc6 Qc5 25. Qxc5 Bxc5 26. e3 a5 27. Bc6 g5 28. Kf1 g6 29. Ke2 Bb4 30. Be4 Kg7 31. Rh1 Rd8 32. Bd3 e5 33. f3 f5 34. h3 e4 35. fxe4 fxe4 36. Bxe4 Rd2+ 37. Kf3 Rxa2 38. Rc1 Rd2 39. Rc7+ Kf6 40. Rc8 Rd7 41. Kg4 Re7 42. Rc6+ Ke5 43. Bg2 Be1 44. Rxg6 Re6 45. Rxg5+ Kf6 46. Rf5+ Kg6 47. e4 Rc6 48. Rf3 Rc2 49. Bf1 Rh2 50. e5 1-0

[Event "Montreal Varennes op"]
[Site "Montreal"]
[Date "2014.11.08"]
[Round "2"]
[White "Weston, Paul"]
[Black "Barre, Michel"]
[Result "1/2-1/2"]
[WhiteElo "1946"]
[BlackElo "1964"]
[PlyCount "30"]
[EventDate "2014.11.07"]
[EventType "swiss"]
[EventRounds "5"]
[EventCountry "CAN"]
[SourceTitle "EXT 2022"]
[Source "ChessBase"]
[SourceDate "2021.10.06"]
[SourceVersion "1"]
[SourceVersionDate "2021.10.06"]
[SourceQuality "1"]

1. e4 e5 2. Nf3 Nc6 3. Bb5 d6 4. c3 Nf6 5. d3 Bd7 6. 0-0 Be7 7. Re1 0-0 8. h3 a6 9. Ba4 b5 10. Bb3 Na5 11. Bc2 c5 12. Nbd2 Nc6 13. Nf1 h6 14. Ng3 Qc8 15. Be3 a5 1/2-1/2

[Event "Montreal Varennes op"]
[Site "Montreal"]
[Date "2014.11.07"]
[Round "1"]
[White "Chiku Ratte, Olivier Kenta"]
[Black "Weston, Paul"]
[Result "1-0"]
[WhiteElo "2307"]
[BlackElo "1946"]
[PlyCount "125"]
[EventDate "2014.11.07"]
[EventType "swiss"]
[EventRounds "5"]
[EventCountry "CAN"]
[SourceTitle "EXT 2022"]
[Source "ChessBase"]
[SourceDate "2021.10.06"]
[SourceVersion "1"]
[SourceVersionDate "2021.10.06"]
[SourceQuality "1"]

1. d4 d5 2. c4 e6 3. Nc3 Nf6 4. cxd5 exd5 5. Bg5 Nbd7 6. Qc2 Be7 7. e3 0-0 8. Bd3 b6 9. Nf3 Bb7 10. 0-0 h6 11. Bh4 c5 12. Rfd1 a6 13. Bf5 c4 14. Ne5 b5 15. a3 Nb6 16. f4 Bc8 17. Bxc8 Rxc8 18. Qf5 Ne4 19. Bxe7 Qxe7 20. Nxe4 dxe4 21. d5 Qd6 22. Qxe4 f5 23. Qd4 Rc5 24. e4 fxe4 25. Qxe4 Rxd5 26. Rxd5 Qxd5 27. Qe3 Na4 28. Ng6 Rf7 29. Ne7+ Rxe7 30. Qxe7 Qd4+ 31. Kh1 Qxf4 32. Qe2 Qd4 33. Rd1 Qf6 34. Qe8+ Kh7 35. Qe4+ Kg8 36. Qe2 Nxb2 37. Rf1 Qd4 38. Qe6+ Kh7 39. h3 Nd3 40. Qf5+ Kg8 41. Qf8+ Kh7 42. Qf5+ Kg8 43. Qe6+ Kh7 44. Rf8 Qa1+ 45. Kh2 Qe5+ 46. Qxe5 Nxe5 47. Re8 Nd3 48. Ra8 Nc5 49. Rc8 Nb3 50. Rc6 a5 51. a4 bxa4 52. Rxc4 a3 53. Ra4 Kg6 54. Rxa3 Nd2 55. Rxa5 h5 56. Kg3 Ne4+ 57. Kf4 Nf6 58. g3 Nd7 59. Ra6+ Nf6 60. Rc6 Kh6 61. Kf5 Kh7 62. Rxf6 gxf6 63. Kxf6 1-0

[Event "Quebec-ch Amateur"]
[Site "Montreal"]
[Date "2014.10.11"]
[Round "3"]
[White "Abreu Cordero, Jose Leonardo"]
[Black "Weston, Paul"]
[Result "1-0"]
[WhiteElo "2009"]
[BlackElo "1986"]
[PlyCount "161"]
[EventDate "2014.10.10"]
[EventType "swiss"]
[EventRounds "7"]
[EventCountry "CAN"]
[SourceTitle "EXT 2022"]
[Source "ChessBase"]
[SourceDate "2021.10.06"]
[SourceVersion "1"]
[SourceVersionDate "2021.10.06"]
[SourceQuality "1"]

1. e4 e5 2. Nf3 Nf6 3. Nc3 Bb4 4. Nd5 Nxd5 5. exd5 0-0 6. c3 Ba5 7. d3 d6 8. Be2 h6 9. Nd2 b5 10. Bf3 Bb7 11. Qb3 Bb6 12. a4 bxa4 13. Qxa4 Nd7 14. Nb3 a5 15. c4 f5 16. Be2 e4 17. d4 f4 18. Bg4 Bc8 19. Be6+ Kh8 20. h4 Qe7 21. Bd2 e3 22. Bc3 exf2+ 23. Kxf2 Ne5 24. Kf1 Nd3 25. Rd1 Bxe6 26. dxe6 f3 27. Rxd3 fxg2+ 28. Kxg2 Qxe6 29. Re1 Qf5 30. Rg3 Qf2+ 31. Kh3 Rf3 32. Reg1 Raf8 33. Qd7 Rxg3+ 34. Rxg3 Qf1+ 35. Rg2 Qf3+ 36. Kh2 Qf4+ 37. Kh3 Qf3+ 38. Kh2 Qf4+ 39. Kg1 Rf7 40. Qg4 Qf1+ 41. Kh2 Qxc4 42. Nd2 Qd5 43. Qg6 c6 44. Ne4 Qf5 45. Qxf5 Rxf5 46. Nxd6 Bc7 47. Rg6 Rd5 48. Kg2 Bxd6 49. Bxa5 Be7 50. Bc3 Bf6 51. Rg4 Kg8 52. Kf3 Kf7 53. Ke4 Rh5 54. Be1 Ke6 55. b4 Rf5 56. Rg1 Rh5 57. Rg4 Rd5 58. Bf2 Rd7 59. Rg1 Rb7 60. Rc1 Kd7 61. Be1 Rb5 62. Rc5 Rxc5 63. bxc5 Ke6 64. h5 Bg5 65. Bg3 Be7 66. Be5 Bf8 67. Kf4 Kf7 68. Kf5 Be7 69. Bd6 Bf6 70. Be5 Be7 71. d5 cxd5 72. c6 Bd8 73. c7 Bxc7 74. Bxc7 d4 75. Be5 d3 76. Bc3 Kf8 77. Kg6 Kg8 78. Bb4 Kh8 79. Ba5 Kg8 80. Bc3 Kh8 81. Bxg7+ 1-0

[Event "Montreal Mercredi 02"]
[Site "Montreal"]
[Date "2014.03.03"]
[Round "3"]
[White "Rondon, Luciano"]
[Black "Weston, Paul"]
[Result "0-1"]
[WhiteElo "1933"]
[BlackElo "1945"]
[PlyCount "66"]
[EventDate "2014.02.19"]
[EventType "swiss"]
[EventRounds "5"]
[EventCountry "CAN"]
[SourceTitle "EXT 2022"]
[Source "ChessBase"]
[SourceDate "2021.10.06"]
[SourceVersion "1"]
[SourceVersionDate "2021.10.06"]
[SourceQuality "1"]

1. d4 Nf6 2. c4 g6 3. Nc3 d5 4. Nf3 Bg7 5. Qb3 dxc4 6. Qxc4 0-0 7. e4 Bg4 8. Be2 Nfd7 9. Be3 Bxf3 10. Bxf3 Nb6 11. Qd3 Nc6 12. Rd1 e5 13. d5 Nd4 14. Bxd4 exd4 15. Ne2 Na4 16. Qc2 d3 17. Rxd3 Nxb2 18. Rb3 Na4 19. Rxb7 Nb6 20. Rxc7 Be5 21. Rc6 Qe7 22. 0-0 Rac8 23. g3 Rxc6 24. dxc6 Rc8 25. Bg4 Rc7 26. f4 Bd6 27. Kg2 Bc5 28. Rc1 Rxc6 29. Nd4 Bxd4 30. Qxc6 Qa3 31. Qe8+ Kg7 32. Be6 Qxc1 33. Qxf7+ Kh6 0-1

[Event "Montreal Mercredi 02"]
[Site "Montreal"]
[Date "2014.02.19"]
[Round "1"]
[White "Boudreau, Daniel"]
[Black "Weston, Paul"]
[Result "1-0"]
[WhiteElo "2089"]
[BlackElo "1945"]
[PlyCount "85"]
[EventDate "2014.02.19"]
[EventType "swiss"]
[EventRounds "5"]
[EventCountry "CAN"]
[SourceTitle "EXT 2022"]
[Source "ChessBase"]
[SourceDate "2021.10.06"]
[SourceVersion "1"]
[SourceVersionDate "2021.10.06"]
[SourceQuality "1"]

1. e4 e5 2. Bc4 Nc6 3. Nf3 Be7 4. d4 d6 5. d5 Nb8 6. 0-0 Nf6 7. Bd3 Bg4 8. Nbd2 0-0 9. h3 Bh5 10. Re1 a5 11. Nf1 Na6 12. c4 Nc5 13. Bc2 Bg6 14. Ng3 Nfd7 15. b3 h6 16. Bd2 Bf6 17. a3 b6 18. b4 Nb7 19. Bc3 Ra7 20. Qd2 Qe7 21. Ba4 Nb8 22. Bc6 axb4 23. axb4 Rxa1 24. Rxa1 Nxc6 25. dxc6 Nd8 26. b5 Ne6 27. Ra7 Rb8 28. Qa2 Qd8 29. Ne1 Nc5 30. f3 Bg5 31. Nf1 Kh7 32. g3 f5 33. h4 Bxh4 34. exf5 Bxf5 35. gxh4 Ne6 36. Ng2 g5 37. Nfe3 Bg6 38. Qf2 gxh4 39. Qxh4 Ng5 40. Qg4 Kh8 41. Nh4 Qf6 42. f4 Ne4 43. Nxg6+ 1-0

[Event "Montreal Pere Noel op"]
[Site "Montreal"]
[Date "2013.12.26"]
[Round "1"]
[White "Weston, Paul"]
[Black "Lawson, Eric"]
[Result "0-1"]
[WhiteElo "1968"]
[BlackElo "2381"]
[PlyCount "130"]
[EventDate "2013.12.26"]
[EventType "swiss"]
[EventRounds "5"]
[EventCountry "CAN"]
[SourceTitle "CBM 158 Extra"]
[Source "ChessBase"]
[SourceDate "2014.02.28"]
[SourceVersion "1"]
[SourceVersionDate "2014.02.28"]
[SourceQuality "1"]

1. f4 Nf6 2. Nf3 e6 3. b3 b6 4. Bb2 Bb7 5. e3 c5 6. Be2 Be7 7. 0-0 0-0 8. c4 a6 9. a4 Nc6 10. Na3 Rc8 11. Nc2 Rc7 12. Nce1 Qa8 13. Ne5 d6 14. Nxc6 Bxc6 15. Bf3 d5 16. Nd3 Rd8 17. Ne5 Bb7 18. Qe1 Ne4 19. Bxe4 dxe4 20. Bc3 f6 21. Ng4 Rcd7 22. Qg3 Kh8 23. Rf2 Bc8 24. h3 Qc6 25. Nh2 Rd3 26. Nf1 b5 27. axb5 axb5 28. Ra7 R8d7 29. cxb5 Qxb5 30. Ra8 Qb7 31. Ra2 Qxb3 32. Rb2 Qd5 33. Qg4 Rb7 34. Rxb7 Qxb7 35. Ng3 Bd8 36. Qh5 Qe7 37. Nxe4 Bb7 38. Ng3 Rd5 39. Qd1 Kg8 40. Qc2 Ba6 41. d4 Bb6 42. Rd2 cxd4 43. Bxd4 Bxd4 44. Rxd4 Rxd4 45. exd4 Bb7 46. Qc4 Bd5 47. Qc8+ Kf7 48. Qb8 Qa3 49. Qc7+ Kg6 50. Qc2+ f5 51. Qf2 Qa1+ 52. Kh2 Kf6 53. Qe3 Qb2 54. Ne2 Be4 55. Kg3 Ke7 56. Kf2 Kd7 57. Qc3 Qb6 58. Ng1 Kd6 59. Nf3 Bxf3 60. gxf3 Kd5 61. Ke3 g6 62. h4 h5 63. Qd3 Qb2 64. Qd1 Qc3+ 65. Kf2 Qxd4+ 0-1

[Event "Montreal Mercredi 08"]
[Site "Montreal"]
[Date "2013.08.28"]
[Round "1"]
[White "Lopez Linares, Lizandro Fernando"]
[Black "Weston, Paul"]
[Result "0-1"]
[WhiteElo "2059"]
[BlackElo "1984"]
[PlyCount "72"]
[EventDate "2013.08.28"]
[EventType "swiss"]
[EventRounds "5"]
[EventCountry "CAN"]
[SourceTitle "EXT 2022"]
[Source "ChessBase"]
[SourceDate "2021.10.06"]
[SourceVersion "1"]
[SourceVersionDate "2021.10.06"]
[SourceQuality "1"]

1. d4 d5 2. Nf3 Nf6 3. c4 e6 4. Nc3 Be7 5. Bg5 Nbd7 6. e3 0-0 7. Rc1 c6 8. Bd3 dxc4 9. Bxc4 Nd5 10. Bxe7 Qxe7 11. 0-0 Nxc3 12. Rxc3 e5 13. Bb3 e4 14. Nd2 Nf6 15. Rc5 Bg4 16. Qb1 Be2 17. Rfc1 Bd3 18. Bc2 Bxc2 19. Qxc2 Nd7 20. Rc3 Nf6 21. a3 Rfe8 22. b4 a6 23. Nc4 Nd5 24. Rb3 Kh8 25. Qb1 Qe6 26. Rb2 Ne7 27. Rbc2 Ng6 28. h3 f5 29. Nb6 Rad8 30. Qa2 Qf6 31. g3 Qg5 32. Kh2 f4 33. gxf4 Nxf4 34. Rg1 Qb5 35. Qf7 Ng6 36. Nc4 Re7 0-1

[Event "Montreal Mercredi 02"]
[Site "Montreal"]
[Date "2013.03.20"]
[Round "5"]
[White "Dumouchel, Alain"]
[Black "Weston, Paul"]
[Result "1-0"]
[WhiteElo "1975"]
[BlackElo "2020"]
[PlyCount "95"]
[EventDate "2013.02.20"]
[EventType "swiss"]
[EventRounds "5"]
[EventCountry "CAN"]
[SourceTitle "EXT 2014"]
[Source "ChessBase"]
[SourceDate "2013.11.20"]
[SourceVersion "1"]
[SourceVersionDate "2013.11.20"]
[SourceQuality "1"]

1. e4 c5 2. Nf3 Nc6 3. d4 cxd4 4. Nxd4 g6 5. Nxc6 bxc6 6. Qd4 Nf6 7. Be2 Bg7 8. Nc3 0-0 9. Qd3 d5 10. 0-0 a5 11. Rd1 Ba6 12. Qf3 Bxe2 13. Qxe2 e6 14. Bg5 Qb6 15. Rab1 Nd7 16. h4 d4 17. b3 h6 18. Bc1 Nc5 19. Ba3 Rfd8 20. Qc4 dxc3 21. Bxc5 Qb5 22. Rd6 Rxd6 23. Bxd6 Rd8 24. e5 Qxc4 25. bxc4 f6 26. f4 g5 27. g3 gxf4 28. gxf4 fxe5 29. fxe5 h5 30. Rb6 Rc8 31. Ra6 Bh6 32. Kf2 Bd2 33. Rxa5 Kf7 34. Ra7+ Kg6 35. a4 Kf5 36. Kf3 Rg8 37. Rf7+ Kg6 38. Rf6+ Kh7 39. Rf7+ Kg6 40. Rf8 Rg7 41. Bb8 Rb7 42. a5 Rb1 43. a6 Rf1+ 44. Kg2 Rxf8 45. a7 Be3 46. a8Q Rf2+ 47. Kg3 Rxc2 48. Bd6 1-0